000 00713nam a2200229Ia 4500
003 GCL
008 140319s9999 xx 000 0 ara d
040 _aGCL /
_cGCL
082 0 4 _a913.03102
_bهـ ت
100 1 _aهودجز , هنرى
245 1 0 _aالتقنية فى العالم القديم /
_cهودجز , هنرى
700 1 _aرنده قافيش
700 1 _aمحمود ابوطالب (مراجعة)
300 _a325 ص
490 _a
650 0 4 _aالتكنولوجيا
650 0 4 _aالالات الزراعية
650 0 4 _aالصناعات, تاريخ, العصر الحجرى
650 0 4 _aالالات الحجرية
650 0 4 _aالالات البحرية
942 _2ddc
_cBK
999 _c39258
_d39258